[Event "IECG CP.2000.P.00078"]
[Site "IECG email"]
[Date "2000.10.01"]
[Round "?"]
[White "Eansworth, Kevin"]
[Black "Gengenbacher, Ed"]
[Result "1-0"]
[WhiteElo "1873"]
[BlackElo "800"]
[PlyCount "61"]
[EventDate "2000.10.01"]
[EventType "tourn (corr)"]
[EventRounds "6"]
[EventCountry "FRA"]
[SourceTitle "Corr 2008"]
[Source "ChessBase"]
[SourceDate "2008.06.24"]
[SourceVersion "1"]
[SourceVersionDate "2008.06.24"]
[SourceQuality "1"]

1. e4 e6 2. d4 d5 3. Nc3 Nf6 4. Bg5 Be7 5. e5 Nfd7 6. Bxe7 Qxe7 7. f4 0-0 8. Nf3 c5 9. Qd2 Nc6 10. dxc5 Nxc5 11. 0-0-0 Bd7 12. Bd3 Nxd3+ 13. Qxd3 Nb4 14. Qe3 Rfc8 15. a3 Nc6 16. Qd3 g6 17. Rhe1 a6 18. g4 b5 19. h4 b4 20. axb4 Nxb4 21. Qe3 Rab8 22. f5 Rc4 23. f6 Qf8 24. h5 Rxg4 25. Rg1 Rxg1 26. Rxg1 Nc6 27. hxg6 fxg6 28. Qg5 Kh8 29. Qh4 Rb4 30. Qh3 Qf7 31. Ng5 1-0

[Event "IECG CP.2000.P.00078"]
[Site "IECG email"]
[Date "2000.10.01"]
[Round "?"]
[White "Gengenbacher, Ed"]
[Black "Baroin, Bernard"]
[Result "0-1"]
[WhiteElo "800"]
[BlackElo "2048"]
[PlyCount "32"]
[EventDate "2000.10.01"]
[EventType "tourn (corr)"]
[EventRounds "6"]
[EventCountry "FRA"]
[SourceTitle "Corr 2008"]
[Source "ChessBase"]
[SourceDate "2008.06.24"]
[SourceVersion "1"]
[SourceVersionDate "2008.06.24"]
[SourceQuality "1"]

1. d4 Nf6 2. c4 e6 3. Nc3 Bb4 4. e3 0-0 5. Bd3 d5 6. Nge2 dxc4 7. Bxc4 e5 8. 0-0 exd4 9. Nxd4 c5 10. Nf3 Nc6 11. Qb3 Na5 12. Bxf7+ Rxf7 13. Qc2 Bxc3 14. Qxc3 Ne4 15. Qc2 Qe7 16. b3 Rxf3 0-1

[Event "IECG CP.2000.P.00078"]
[Site "IECG email"]
[Date "2000.10.01"]
[Round "?"]
[White "Gengenbacher, Ed"]
[Black "Redondo, Francisco"]
[Result "0-1"]
[WhiteElo "800"]
[BlackElo "961"]
[PlyCount "60"]
[EventDate "2000.10.01"]
[EventType "tourn (corr)"]
[EventRounds "6"]
[EventCountry "FRA"]
[SourceTitle "Corr 2008"]
[Source "ChessBase"]
[SourceDate "2008.06.24"]
[SourceVersion "1"]
[SourceVersionDate "2008.06.24"]
[SourceQuality "1"]

1. d4 d5 2. c4 c6 3. cxd5 cxd5 4. Nc3 Nf6 5. Nf3 Nc6 6. Bf4 Bf5 7. e3 e6 8. Qb3 Qb6 9. Qxb6 axb6 10. Bb5 Bb4 11. 0-0 0-0 12. a3 Bxc3 13. bxc3 Ne4 14. Bxc6 bxc6 15. Rfc1 Rfc8 16. Ng5 Nd2 17. Ra2 Nc4 18. a4 f6 19. Nf3 g5 20. Bg3 h5 21. h4 g4 22. Ne1 Ra5 23. Nd3 Bxd3 24. Rd1 Bf5 25. f3 gxf3 26. gxf3 Nxe3 27. Re1 Nc4 28. Rg2 Rxa4 29. Bf4+ Kf7 30. Kh1 Rg8 0-1

[Event "IECG CP.2000.P.00078"]
[Site "IECG email"]
[Date "2000.10.01"]
[Round "?"]
[White "Pinasco, Juan Pablo"]
[Black "Gengenbacher, Ed"]
[Result "1-0"]
[WhiteElo "1458"]
[BlackElo "800"]
[PlyCount "39"]
[EventDate "2000.10.01"]
[EventType "tourn (corr)"]
[EventRounds "6"]
[EventCountry "FRA"]
[SourceTitle "Corr 2008"]
[Source "ChessBase"]
[SourceDate "2008.06.24"]
[SourceVersion "1"]
[SourceVersionDate "2008.06.24"]
[SourceQuality "1"]

1. e4 c5 2. Nf3 d6 3. d4 cxd4 4. Nxd4 Nf6 5. Nc3 g6 6. Be3 Bg7 7. f3 0-0 8. Qd2 Nbd7 9. g4 Ne5 10. 0-0-0 Bd7 11. h4 Qa5 12. h5 Rac8 13. Nb3 Qd8 14. Be2 a6 15. hxg6 fxg6 16. Bd4 Nc4 17. Bxc4+ Rxc4 18. e5 Ne8 19. Qh2 h6 20. e6 1-0

[Event "IECG QN.2000.0.00140"]
[Site "IECG email"]
[Date "2000.09.17"]
[Round "?"]
[White "Gengenbacher, Ed"]
[Black "Campbell, Graham G"]
[Result "0-1"]
[WhiteElo "800"]
[BlackElo "771"]
[PlyCount "36"]
[EventDate "2000.09.17"]
[EventType "tourn (corr)"]
[EventRounds "6"]
[SourceTitle "Corr 2008"]
[Source "ChessBase"]
[SourceDate "2008.06.24"]
[SourceVersion "1"]
[SourceVersionDate "2008.06.24"]
[SourceQuality "1"]

1. c4 e5 2. Nc3 Nf6 3. g3 d5 4. cxd5 Nxd5 5. Bg2 Nb6 6. d3 Nc6 7. Nf3 Bf5 8. 0-0 Bc5 9. Bd2 0-0 10. Rc1 Re8 11. a3 Qd7 12. Na4 Nxa4 13. Qxa4 Bb6 14. Nh4 Nd4 15. Qxd7 Nxe2+ 16. Kh1 Bxd7 17. Bxb7 Nxc1 18. Bxa8 Nxd3 0-1